000 00469nam a2200193Ia 4500
005 20240823033906.0
008 240823s9999||||xx |||||||||||||| ||und||
041 _aENGLISH
082 _A005.3 N2
100 _a"Berliner,Thomas H"
245 4 _aThe Illustrated LOTUS 1-2-3
250 _a1st
260 _c1992
_b"Galgotia,New Delhi"
500 _aYES
650 _aLotus
_bComputer Applications
700 _a" Reeves,David T"
942 _cBK
999 _c196908
_d196908